Greek Mythology Olympians By Emojis - Statistics

General Stats
  • This quiz has been taken 429 times
  • The average score is 10 of 12
Answer Stats
Emojis God % Correct
⚡ + 👑 Zeus
100%
🌊 + 🐴 Poseidon
95%
🎶 + 🌞 Apollo
92%
⚔ + 🩸 Ares
91%
🍇 +🍷 Dionysus
90%
🌕 + 🏹 Artemis
88%
🧠 + 👭 Athena
85%
🌻 + 🧑‍🌾 Demeter
84%
🩴 + 🪽 Hermes
81%
🔥 + 🔨 Hephaestus
80%
🩷 + 🇨🇾 Aphrodite
78%
🦚 + 👭 Hera
72%
No matching quizzes found
Score Distribution
Percent of People with Each Score
Percentile by Number Answered
Your Score History
You have not taken this quiz